| 000 | 00843cam a22002777a 4500 | ||
|---|---|---|---|
| 003 | CHAP | ||
| 005 | 20220329140515.0 | ||
| 008 | 971013s1969 r 00010 d | ||
| 010 | _a53009 | ||
| 011 | _a53981 | ||
| 035 | _a58131 | ||
| 040 | _cCHAP | ||
| 082 |
_a575.0162 _bR6 |
||
| 100 | 0 | 0 |
_aRoslansky, John D. _9100163 |
| 245 | 1 | 4 | _aThe uniqueness of man ; a discussion at the Nobel conference... |
| 260 |
_aAmsterdam : _bNorth-Holland, _c1969 |
||
| 300 |
_a189 p. _b: ilus. |
||
| 590 |
_aBATCH-UPD _b10 _c20130110 _lUCH01 _h0830 |
||
| 590 |
_aBATCH-UPD _b10 _c20130410 _lUCH01 _h0508 |
||
| 590 |
_aBATCH-UPD _b10 _c20130914 _lUCH01 _h1335 |
||
| 590 |
_aCONVERSION _b10 _c20130109 _lUCH01 _h1329 |
||
| 650 | 1 | 4 |
_aEvolución. _939007 |
| 901 | _aBK | ||
| 942 | _cLIBRO | ||
| 949 |
_a575.0162 R6 _bBC _cLIBRO _d33724000478822 _eLIBRO _h15969 _i58131 _si |
||
| 999 |
_c53009 _d53009 |
||